[Event "AUTO-MASTER-1679"]
[Site "http://www.queenalice.com/game.php?id=1114258"]
[Date "2012.10.20"]
[Round "2"]
[White "Rutty"]
[Black "Zorro64"]
[Result "0-1"]
[WhiteElo "2107"]
[BlackElo "2396"]

1. d4 Nf6 2. Nf3 d5 3. e3 c5 4. dxc5 e6 5. Bb5+ Bd7 6. Bxd7+ Nbxd7 7. b4 a5 8.
c3 axb4 9. cxb4 b6 10. O-O bxc5 11. bxc5 Bxc5 12. Nc3 O-O 13. a4 Qe7 14. Bd2 Nb6
15. a5 Nc4 16. a6 Rfc8 17. Qe2 Qd6 18. Nb5 Qb6 19. Rfb1 Rxa6 20. Rxa6 Qxa6 21.
Nbd4 Ne4 22. Be1 Bd6 23. Nd2 Nc3 0-1

[Event "AUTO-MASTER-1679"]
[Site "http://www.queenalice.com/game.php?id=1114259"]
[Date "2012.10.20"]
[Round "2"]
[White "Zorro64"]
[Black "Rutty"]
[Result "1-0"]
[WhiteElo "2408"]
[BlackElo "2010"]

1. d4 d5 2. c4 c6 3. e3 Nf6 4. Nf3 Bg4 5. h3 Bxf3 6. Qxf3 e6 7. Nc3 Bb4 8. Bd3
O-O 9. O-O Nbd7 10. a3 dxc4 11. Bxc4 Ba5 12. Bd2 Nd5 13. Bd3 Bxc3 14. bxc3 f5
15. e4 Ne7 16. Rfb1 b6 17. exf5 exf5 18. Re1 h6 19. Re6 Rf6 20. Rxf6 Nxf6 21.
Qg3 Kh7 22. a4 g6 23. Re1 Qf8 24. Re6 Rc8 25. Qd6 Neg8 26. Qxf8 Rxf8 27. Rxc6
Rf7 28. Bc4 Re7 29. d5 Rd7 30. d6 Ne4 31. Bf4 Ngf6 32. f3 Nc5 33. Be5 Ne8 34.
Rc8 Ng7 35. Bg8+ 1-0

[Event "AUTO-MASTER-1685"]
[Site "http://www.queenalice.com/game.php?id=1122865"]
[Date "2012.11.16"]
[Round "2"]
[White "Alexandrovinsk"]
[Black "Zorro64"]
[Result "0-1"]
[WhiteElo "2092"]
[BlackElo "2403"]

1. Nf3 c5 2. e4 d6 3. d4 cxd4 4. Nxd4 Nf6 5. Nc3 Nc6 6. Be2 e5 7. Nb3 Be7 8. O-O
O-O 9. Kh1 a6 10. Bg5 Nxe4 11. Bxe7 Nxc3 12. Bxd8 Nxd1 13. Bc7 Nxb2 14. Bxd6 Rd8
15. Ba3 Na4 16. Rfd1 Bf5 17. c4 Nc3 18. Rxd8+ Rxd8 19. Bf1 Nb1 20. Bc1 Rd1 0-1

[Event "AUTO-MASTER-1685"]
[Site "http://www.queenalice.com/game.php?id=1122866"]
[Date "2012.11.16"]
[Round "2"]
[White "Zorro64"]
[Black "Alexandrovinsk"]
[Result "1-0"]
[WhiteElo "2426"]
[BlackElo "2125"]

1. d4 Nf6 2. Nf3 g6 3. c4 Bg7 4. g3 c6 5. Bg2 O-O 6. O-O d5 7. b3 Nbd7 8. cxd5
cxd5 9. Nc3 a6 10. Bf4 e6 11. Na4 Ne4 12. Rc1 b5 13. Nc5 Ndxc5 14. dxc5 b4 15.
Rc2 a5 16. Be5 Nc3 17. Qd2 Ba6 18. Rxc3 bxc3 19. Qxc3 Bxe5 20. Qxe5 Qc8 21. Rc1
f6 22. Qd6 Rd8 23. Qe7 Bxe2 24. Nd4 Re8 25. Qxf6 Bd3 26. c6 Ra7 27. Rc3 Rf7 28.
Qe5 Bf5 29. Nb5 Ree7 30. c7 d4 31. Bb7 dxc3 32. Bxc8 c2 33. Qc3 Rf8 34. Nd6 Rxc8
35. Nxc8 Rd7 36. Ne7+ Kf7 37. c8=Q Rd1+ 38. Kg2 1-0

[Event "AUTO-MASTER-1685"]
[Site "http://www.queenalice.com/game.php?id=1122869"]
[Date "2012.11.16"]
[Round "2"]
[White "Zorro64"]
[Black "jtomasia"]
[Result "1/2-1/2"]
[WhiteElo "2409"]
[BlackElo "2179"]

1. d4 Nf6 2. c4 e6 3. Nc3 Bb4 4. Qc2 O-O 5. a3 Bxc3+ 6. Qxc3 d5 7. cxd5 exd5 8.
Bg5 c6 9. e3 h6 10. Bxf6 Qxf6 11. Bd3 Bf5 12. Ne2 Nd7 13. Nf4 Bxd3 14. Qxd3 Nb6
15. O-O Nc4 16. b3 Nd6 17. Rfc1 Ne4 18. Qc2 Rfe8 19. Nd3 Qe7 20. Rd1 1/2-1/2

[Event "AUTO-MASTER-1685"]
[Site "http://www.queenalice.com/game.php?id=1122870"]
[Date "2012.11.16"]
[Round "2"]
[White "jtomasia"]
[Black "Zorro64"]
[Result "1/2-1/2"]
[WhiteElo "2150"]
[BlackElo "2408"]

1. e4 c5 2. Nf3 d6 3. d4 cxd4 4. Nxd4 Nf6 5. Nc3 a6 6. Bc4 e6 7. Bb3 Nbd7 8. O-O
Nc5 9. Qe2 b5 10. f3 Bd7 11. Be3 b4 12. Nd1 Nxb3 13. axb3 e5 14. Nf5 Bb5 15. Qd2
Bxf1 16. Kxf1 d5 17. Bg5 dxe4 18. Qxd8+ Rxd8 19. fxe4 Rc8 20. Bxf6 gxf6 21. Nde3
Rc6 22. Ke2 Kd7 23. Kd3 Bc5 24. Nd5 Rg8 25. g3 Ra8 26. Ra5 Rb8 27. Nh6 Bf8 28.
Ng4 Be7 29. Nge3 Rb7 30. Nc4 Ke6 31. Nce3 Bc5 32. Nf5 Kd7 33. Ra1 Ke6 1/2-1/2

[Event "jovelino"]
[Site "http://www.queenalice.com/game.php?id=1130758"]
[Date "2012.12.12"]
[Round "1"]
[White "jovelino"]
[Black "Zorro64"]
[Result "0-1"]
[WhiteElo "2129"]
[BlackElo "2405"]

1. e4 e5 2. Nf3 Nc6 3. Bb5 a6 4. Bxc6 dxc6 5. O-O Bg4 6. h3 h5 7. d3 Qf6 8. Nbd2
Ne7 9. b3 Ng6 10. Bb2 Bb4 11. Nc4 Bxf3 12. Qxf3 Qxf3 13. gxf3 f6 14. a3 Be7 15.
Bc1 b5 16. Ne3 Nh4 17. Nf5 Nxf3+ 18. Kg2 Nd4 19. Nxd4 exd4 20. f4 Kd7 21. f5
Rag8 22. Bb2 c5 23. Kf2 g6 24. fxg6 Rxg6 25. Rg1 Rhg8 26. Rxg6 Rxg6 27. Rg1 Rxg1
28. Kxg1 Ke6 29. Kg2 f5 30. Kf3 Bg5 31. c3 Be3 32. b4 dxc3 33. Bxc3 Bc1 34. bxc5
Bxa3 35. d4 b4 36. d5+ Ke7 37. Bd4 b3 38. e5 b2 39. Bxb2 Bxb2 40. Kf4 a5 41.
Kxf5 a4 42. d6+ cxd6 43. cxd6+ Kd7 44. Ke4 a3 45. Kd5 Bxe5 0-1

[Event "jovelino"]
[Site "http://www.queenalice.com/game.php?id=1149673"]
[Date "2013.2.7"]
[Round "2"]
[White "Zorro64"]
[Black "luciopac"]
[Result "1-0"]
[WhiteElo "2423"]
[BlackElo "2166"]

1. e4 e6 2. d4 d5 3. Nc3 Bb4 4. e5 Ne7 5. a3 Bxc3+ 6. bxc3 b6 7. Bd3 Ba6 8. Nf3
Bxd3 9. cxd3 Nf5 10. Bg5 Qd7 11. Nh4 Nxh4 12. Bxh4 Nc6 13. Rc1 Na5 14. Qg4 Kf8
15. O-O h5 16. Qd1 c5 17. dxc5 bxc5 18. Rb1 c4 19. d4 Nb3 20. f4 g6 21. Bf6 Rg8
22. Rxb3 cxb3 23. Qxb3 Rc8 24. Qb4+ Ke8 25. Rb1 Rc7 26. Qb8+ Rc8 27. Rb7 Rh8 28.
Qxa7 1-0

[Event "AUTO-OPEN-2730"]
[Site "http://www.queenalice.com/game.php?id=1157880"]
[Date "2013.3.5"]
[Round "2"]
[White "Zorro64"]
[Black "vininb"]
[Result "1-0"]
[WhiteElo "2443"]
[BlackElo "1861"]

1. d4 d5 2. Nf3 c6 3. e3 Bg4 4. h3 Bh5 5. c4 e6 6. Bd3 Nf6 7. O-O Bb4 8. Qb3 Qa5
9. c5 Ne4 10. a3 Bxc5 11. Qxb7 1-0

[Event "AUTO-OPEN-2730"]
[Site "http://www.queenalice.com/game.php?id=1157881"]
[Date "2013.3.5"]
[Round "2"]
[White "vininb"]
[Black "Zorro64"]
[Result "0-1"]
[WhiteElo "1859"]
[BlackElo "2444"]

1. e4 c5 2. Nf3 g6 3. d4 cxd4 4. Qxd4 Nf6 5. Bb5 a6 6. Ba4 b5 7. Bb3 Nc6 8. Qd3
Bg7 9. O-O O-O 10. Bf4 a5 11. Qxb5 Ba6 0-1

[Event "9-A"]
[Site "http://www.queenalice.com/game.php?id=1158156"]
[Date "2013.3.5"]
[Round "-"]
[White "Kir"]
[Black "Zorro64"]
[Result "0-1"]
[WhiteElo "2241"]
[BlackElo "2449"]

1. d4 Nf6 2. c4 e6 3. Nc3 Bb4 4. a3 Bxc3+ 5. bxc3 b6 6. e4 Nxe4 7. Qg4 Bb7 8. f3
Nf6 9. Qxg7 Rg8 10. Qh6 Qe7 0-1

[Event "AUTO-OPEN-2709"]
[Site "http://www.queenalice.com/game.php?id=1158447"]
[Date "2013.3.6"]
[Round "2"]
[White "Zorro64"]
[Black "Bernhardur"]
[Result "1-0"]
[WhiteElo "2434"]
[BlackElo "2302"]

1. d4 Nf6 2. Nf3 g6 3. g3 Bg7 4. c4 c6 5. Bg2 d5 6. cxd5 cxd5 7. Nc3 O-O 8. O-O
Qb6 9. Qb3 Qxb3 10. axb3 Nc6 11. Be3 Bf5 12. Ne5 e6 13. h3 Nb4 14. g4 Bc2 15.
Rfc1 a5 16. Ra3 Rfc8 17. Na4 Rc7 18. Nc3 b6 19. Nb5 Rcc8 20. Nd6 Rc7 21. Bd2 1-0

[Event "AUTO-OPEN-2709"]
[Site "http://www.queenalice.com/game.php?id=1158448"]
[Date "2013.3.6"]
[Round "2"]
[White "Bernhardur"]
[Black "Zorro64"]
[Result "0-1"]
[WhiteElo "2310"]
[BlackElo "2428"]

1. e4 e5 2. Nf3 Nc6 3. Bc4 Nf6 4. Ng5 d5 5. exd5 Na5 6. Bb5+ c6 7. dxc6 bxc6 8.
Be2 h6 9. Nf3 e4 10. Ne5 Bd6 11. d4 exd3 12. Nxd3 O-O 13. Bf4 Bxf4 14. Nxf4 Qb6
15. Qc1 Rb8 16. b3 g5 17. Nd3 Re8 18. h4 Bg4 19. Nc3 Qd4 20. Kf1 Qxc3 0-1

[Event "AUTO-MASTER-1686"]
[Site "http://www.queenalice.com/game.php?id=1163422"]
[Date "2013.3.21"]
[Round "2"]
[White "Zorro64"]
[Black "capaputi"]
[Result "1-0"]
[WhiteElo "2457"]
[BlackElo "2242"]

1. d4 Nf6 2. c4 c5 3. d5 g6 4. Nf3 Bg7 5. Nc3 O-O 6. e4 d6 7. h3 a6 8. a4 e6 9.
Bd3 exd5 10. cxd5 Nbd7 11. O-O Qc7 12. a5 Re8 13. Re1 b5 14. axb6 Qxb6 15. Ra3
Rb8 16. Bc4 Ne5 17. Nxe5 Rxe5 18. Rb3 Qc7 19. Bf4 Rxb3 20. Bxb3 Re8 21. e5 dxe5
22. d6 Qb7 23. Bxe5 Be6 24. Bxf6 Bxf6 25. Ne4 Bd4 26. Ng5 Rf8 27. Rxe6 fxe6 28.
Nxe6 Bxf2+ 29. Kh1 c4 30. d7 Bb6 31. Bxc4 Qb8 32. d8=Q Bxd8 33. Nxd8+ Kg7 34.
Ne6+ Kg8 35. Nxf8+ Kxf8 36. Qd4 1-0

[Event "AUTO-MASTER-1686"]
[Site "http://www.queenalice.com/game.php?id=1163423"]
[Date "2013.3.21"]
[Round "2"]
[White "capaputi"]
[Black "Zorro64"]
[Result "0-1"]
[WhiteElo "2243"]
[BlackElo "2453"]

1. e4 d5 2. Nc3 dxe4 3. Nxe4 Nf6 4. Nxf6+ exf6 5. d4 c6 6. Nf3 Bd6 7. Bd3 O-O 8.
O-O Bg4 9. Be2 Na6 10. Re1 Re8 11. Be3 Nb4 12. c4 Bf5 13. Nh4 Be4 14. f3 Bg6 15.
Nxg6 Rxe3 16. Nh4 Qd7 17. a3 Rae8 18. Qd2 Bf4 19. Qxb4 Rxe2 20. Rxe2 Rxe2 21.
Kf1 Bd2 22. Kxe2 Bxb4 23. axb4 g5 0-1

[Event "AUTO-MASTER-1686"]
[Site "http://www.queenalice.com/game.php?id=1163424"]
[Date "2013.3.21"]
[Round "2"]
[White "Zorro64"]
[Black "luhosavi"]
[Result "1-0"]
[WhiteElo "2447"]
[BlackElo "2198"]

1. d4 Nf6 2. c4 c5 3. d5 b5 4. cxb5 a6 5. e3 axb5 6. Bxb5 Qa5+ 7. Nc3 Bb7 8. Ne2
Nxd5 9. O-O Nxc3 10. Nxc3 g6 11. Bc4 Bc6 12. Qb3 e6 13. e4 Bg7 14. Bf4 O-O 15.
Bd6 Re8 16. e5 Qb4 17. Rfd1 Bb7 18. f4 Nc6 19. a3 Qxb3 20. Bxb3 Nd4 21. Ba4 Bh6
22. Bxc5 Rxa4 23. Nxa4 Nb3 24. Be3 Nxa1 25. Rxa1 Bc6 26. Nb6 Bg7 27. Rd1 f6 28.
Nxd7 Bxd7 29. Rxd7 fxe5 30. fxe5 Bxe5 31. Rb7 Bd6 32. a4 Ra8 33. b3 Ba3 34. Kf2
Bb2 35. Ke2 e5 36. Bd2 Bd4 37. a5 h5 38. b4 Kf8 39. b5 e4 40. a6 1-0

[Event "AUTO-MASTER-1686"]
[Site "http://www.queenalice.com/game.php?id=1163425"]
[Date "2013.3.21"]
[Round "2"]
[White "luhosavi"]
[Black "Zorro64"]
[Result "1/2-1/2"]
[WhiteElo "2181"]
[BlackElo "2461"]

1. d4 Nf6 2. c4 e5 3. dxe5 Ng4 4. Nf3 Bc5 5. e3 Nc6 6. Nc3 O-O 7. Be2 Ngxe5 8.
Nxe5 Nxe5 9. O-O d6 10. f4 Nd7 11. Bf3 Re8 12. Qd3 Nf6 13. Na4 Qe7 14. Nxc5 dxc5
15. b3 c6 16. Bb2 Qxe3+ 17. Qxe3 Rxe3 18. Rae1 Rxe1 19. Rxe1 Be6 20. Ba3 Nd7
1/2-1/2

[Event "AUTO-OPEN-2709"]
[Site "http://www.queenalice.com/game.php?id=1177817"]
[Date "2013.5.2"]
[Round "3"]
[White "vasyl_puzanov"]
[Black "Zorro64"]
[Result "1/2-1/2"]
[WhiteElo "2180"]
[BlackElo "2457"]

1. d4 Nf6 2. Nc3 d5 3. Nf3 g6 4. Bg5 Ne4 5. Bf4 Nxc3 6. bxc3 Bg7 7. e3 O-O 8.
Bd3 c5 9. O-O Nd7 10. Qc1 Nf6 11. Qa3 c4 12. Be2 Nh5 13. Bg3 Nxg3 14. hxg3 Qc7
15. Rab1 Bf5 16. Qb2 Rab8 17. Nh2 Bd7 18. Qa3 Bc6 19. Nf3 Bf6 20. Rfe1 1/2-1/2

[Event "AUTO-OPEN-2709"]
[Site "http://www.queenalice.com/game.php?id=1177818"]
[Date "2013.5.2"]
[Round "3"]
[White "Zorro64"]
[Black "vasyl_puzanov"]
[Result "1-0"]
[WhiteElo "2455"]
[BlackElo "2168"]

1. e4 e5 2. Nf3 Nc6 3. Bb5 a6 4. Bxc6 dxc6 5. O-O Bd6 6. d4 exd4 7. Qxd4 f6 8.
Be3 Be6 9. Rd1 c5 10. Qd3 Qe7 11. Nc3 O-O-O 12. Nd5 Qd7 13. c4 Kb8 14. Qa3 Qc6
15. Rac1 Bg4 16. b4 cxb4 17. Nxb4 Qe8 18. Nxa6+ 1-0

[Event "jovelino"]
[Site "http://www.queenalice.com/game.php?id=1200153"]
[Date "2013.7.15"]
[Round "3"]
[White "Zorro64"]
[Black "adrb"]
[Result "1/2-1/2"]
[WhiteElo "2451"]
[BlackElo "2244"]

1. c4 c5 2. Nc3 Nf6 3. Nf3 d5 4. cxd5 Nxd5 5. g3 Nc6 6. Bg2 e6 7. d4 cxd4 8.
Nxd4 Bc5 9. Nxc6 bxc6 10. Qc2 Bb4 11. a3 Bxc3+ 12. bxc3 O-O 13. c4 Ne7 14. O-O
e5 15. Rd1 Qc7 16. Bd2 Bf5 17. Qa4 a5 18. Bc3 Rfc8 19. Rac1 Bg4 20. Rd2 Be6 21.
Rcd1 f6 22. Bf3 1/2-1/2